[Event "Asian Cities-chT"]
[Site "Khanty-Mansiysk"]
[Date "2024.04.26"]
[Round "6.3"]
[White "Dosmukhambetov, Arystan"]
[Black "Sattarov, Dinis"]
[Result "0-1"]
[WhiteElo "1968"]
[BlackElo "1760"]
[PlyCount "76"]
[EventDate "2024.04.21"]
[EventType "team-swiss"]
[EventRounds "9"]
[EventCountry "RUS"]
[SourceTitle "CB18_2024"]
[SourceDate "2024.05.01"]
[SourceVersion "1"]
[SourceVersionDate "2024.05.01"]
[SourceQuality "2"]
[WhiteTeam "Pavlodar"]
[BlackTeam "Khanty-Mansiysk"]
[WhiteTeamCountry "KAZ"]
[BlackTeamCountry "RUS"]

1. e4 c5 2. Nf3 Nc6 3. Nc3 Nf6 4. Bb5 Nd4 5. e5 Nxb5 6. Nxb5 Nd5 7. Ng5 f6 8. Qf3 Nb4 9. exf6 exf6 10. 0-0 Be7 11. a3 Nxc2 12. Qe4 d5 13. Qxc2 fxg5 14. d4 c4 15. Re1 0-0 16. Nc3 Bf5 17. Qd1 Bf6 18. Be3 Qd7 19. a4 b6 20. Qd2 Bd3 21. Ne2 h6 22. Ng3 Rae8 23. Qc3 Be7 24. Red1 Bd6 25. Qd2 Qf7 26. a5 h5 27. axb6 axb6 28. Bxg5 h4 29. Bxh4 Bf4 30. Qb4 g5 31. Bxg5 Bxg5 32. Qxb6 Qxf2+ 33. Kh1 Qf7 34. Ra7 Qe6 35. Qb4 Bf4 36. Nf1 Bxf1 37. Rxf1 Bd6 38. Rxf8+ Rxf8 0-1